|
|
|
|
| LEADER |
00801cam a2200229 7i4500 |
| 001 |
0000065491 |
| 005 |
20220110090000.0 |
| 020 |
|
|
|a 9780128177969
|
| 090 |
0 |
0 |
|a TK5102.9
|b .C45 2019
|
| 100 |
1 |
|
|a Chien, Jen Tzung
|
| 245 |
1 |
0 |
|a Source separation and machine learning
|c Jen-Tzung Chien.
|
| 264 |
|
|
|a London:
|b Academic press,
|c 2019.
|
| 300 |
|
|
|a 1 online resource (xxx, 353 pages):
|b text file, PDF.
|
| 336 |
|
|
|a text
|2 rdacontent
|
| 337 |
|
|
|a computer
|2 rdamedia
|
| 338 |
|
|
|a online resource
|2 rdacarrier
|
| 650 |
0 |
0 |
|a Blind source separation
|
| 650 |
0 |
0 |
|a Machine learning
|
| 655 |
0 |
0 |
|a Electronic books
|
| 856 |
4 |
2 |
|u http://library.unisel.edu.my/web/guest/mylibrary
|
| 997 |
|
|
|a Engineering & Life Sciences, Faculty
|b Engineering, Department
|
| 999 |
|
|
|a EBO0010223
|b EBOOK
|c EBOOK
|e Electronic resources
|